|
|
|
|
| LEADER |
00000csc a2200000 a 4500 |
| 001 |
64133 |
| 003 |
Ucuenca |
| 005 |
20230308210349.0 |
| 008 |
991111|1979 eng|||||r|||||||||||eng|| |
| 020 |
|
|
|a 0 00 370108 5
|
| 040 |
|
|
|b spa
|
| 041 |
0 |
|
|a en
|
| 082 |
0 |
|
|a 823
|
| 100 |
1 |
|
|a Holt, Victoria
|d 1906-1993
|9 227431
|
| 245 |
|
|
|a The house of a thousand lanterns
|c Victoria Holt, illustrations by Isabelle Montgomery
|h imp
|
| 264 |
|
|
|a London
|b Collins
|c 1979
|
| 300 |
|
|
|a 112 páginas:
|b ilu
|c 18 cm
|
| 490 |
|
|
|a Collins English Library
|
| 650 |
0 |
|
|a Narrativa inglesa
|9 24898
|
| 852 |
|
|
|a UC-CDJBV
|f Donación
|l 1
|m General
|p 19911119
|r 8
|t 64133
|b 0
|d CDRC
|e CDRC
|g 823 TERCER PISO
|z 1991-11-11
|
| 942 |
|
|
|c CR
|2 ddc
|r paola.amaya@ucuenca.edu.ec
|
| 999 |
|
|
|c 114958
|d 114958
|